| 000 | 00606nam a22001937a 4500 | ||
|---|---|---|---|
| 005 | 20251108171143.0 | ||
| 008 | 250721s2000 xx 000 0 ara d | ||
| 082 | 1 | 4 | _aم/214/ألب |
| 100 | 1 | _aالألباني، محمد بن ناصر الدين | |
| 245 | 1 | 0 | _aالعقيدة أولاً (لو كانوا يعلمون) / |
| 264 | 1 |
_aعمان : _bالغرباء الإسلامية، _c2000. |
|
| 300 | _a2مج | ||
| 650 | 1 | 7 | _aالإسلام |
| 650 | 1 | 7 | _aالعقيدة الدينية |
| 650 | 1 | 7 | _aالوعظ و الإرشاد |
| 650 | 1 | 7 | _aالوصايا |
| 942 |
_2ddc _cREF |
||
| 999 |
_c57976 _d57976 |
||